Electric and magnetic fields : (Record no. 18273)

000 -LEADER
fixed length control field 00621cam a2200193 a 4500
020 ## - INTERNATIONAL STANDARD BOOK NUMBER
ISBN 2884492178
040 ## - CATALOGING SOURCE
Transcribing agency NLM
082 00 - DEWEY DECIMAL CLASSIFICATION NUMBER
Classification number 363 GBP 1996 C141 Or.
100 1# - MAIN ENTRY--AUTHOR NAME
Personal name Sagan, Leonard A.
245 10 - TITLE STATEMENT
Title Electric and magnetic fields :
Remainder of title invisible risks? /
260 ## - PUBLICATION, DISTRIBUTION, ETC. (IMPRINT)
Place of publication Amsterdam, Netherlands :
Name of publisher Gordon and Breach Publishers,
Year of publication c1996.
300 ## - PHYSICAL DESCRIPTION
Number of Pages xxiv, 214 p. :
Other physical details ill. ;
Dimensions 23 cm.
650 #0 - SUBJECT ADDED ENTRY--TOPICAL TERM
Topical Term Electromagnetic fields
650 12 - SUBJECT ADDED ENTRY--TOPICAL TERM
Topical Term Electromagnetic Fields
650 22 - SUBJECT ADDED ENTRY--TOPICAL TERM
Topical Term Environmental Exposure
650 22 - SUBJECT ADDED ENTRY--TOPICAL TERM
Topical Term Environmental Illness.
856 42 - ELECTRONIC LOCATION AND ACCESS
Uniform Resource Identifier http://www.loc.gov/catdir/enhancements/fy0653/99460420-d.html
942 ## - ADDED ENTRY ELEMENTS (KOHA)
Koha item type សៀវភៅភាសាអង់គ្លេស
952 ## - LOCATION AND ITEM INFORMATION (KOHA)
Withdrawn status [LOCAL, KOHA] 0
Holdings
Source of acquisition Permanent Location Date acquired Koha item type Lost status Shelving location Current Location Full call number
A33921Library Block C2019-10-04សៀវភៅភាសាអង់គ្លេស C141Library Block C363 GBP 1996 C141 Or.
មជ្ឈមណ្ឌលឯការនៃសាកលវិទ្យាល័យភូមិន្ទកសិកម្មចំការដូង

Powered by Koha